00476nam a2200133 a 450000100100000000500170001000800410002704000250006808200150009311000710010824500690017926000720024830000220032000003011720200930060045.0110429s1997 dr 000 0 spa d aDO-SdBNPbspacBNPHU axxxbB213i1 aRepública DominicanabBanco Central de la República Dominicana10aInforme sumario de la composición de la cartera e inversiones. aSanto Domingo :bBanco Central de la República Dominicana,c1997. a[28 p.] ;c28 cm.